Big 4 Teams With 10+ Championships Quiz Stats

 Plays Quiz Updated Apr 25, 2018

Challenge
Share
Tweet
Embed
Score 0/8 Timer 01:30
0 Plays Today
Championships Team Name % Correct
27New York Yankees
98.6%
17Boston Celtics
89.6%
16Los Angeles Lakers
89.1%
23Montreal Canadiens
75.4%
11St. Louis Cardinals
63.8%
11Detroit Red Wings
58.5%
13Toronto Maple Leafs
58.4%
13 Green Bay Packers
45.6%

You're not logged in!

Compare scores with friends on all Sporcle quizzes.
Join for Free
OR
Log In

You Might Also Like...

Show Comments

Extras

Top Quizzes Today


Score Distribution

Your Account Isn't Verified!

In order to create a playlist on Sporcle, you need to verify the email address you used during registration. Go to your Sporcle Settings to finish the process.

Report this User

Report this user for behavior that violates our Community Guidelines.

Details: